Find the City on a Treasure Map - Statistics

General Stats
  • This quiz has been taken 1,037 times
  • The average score is 6 of 14
Answers on the Map
Answers color-coded by a green-red scale on the quiz's map according to % correct below.
 
Answer Stats
Hint Answer % Correct
One of the first men to climb Everest. Edmund Hillary | Tenzing Norgay
77%
Country where the compass was invented. China
76%
Fictional city covered in gold supposedly in South America. El Dorado
75%
First European explorer to reach India via the Cape of Good Hope by ship. Vasco da Gama
73%
Brightest star in the Little Dipper, giving the direction of north in the northern hemisphere. Polaris
71%
Viking leader of an expedition that discovered North America around the year 1000. Leif Erikson
60%
French sailor indissociable from his red bonnet, pioneer of the exploration of the sea bed. Jacques-Yves Cousteau
38%
Ships invented in the 15th century by the Portuguese, symbols of the Age of Discovery. Caravel
29%
Language family containing both Hawaiian and Malagasy. {Austronesian} languages
25%
A culinary speciality of Alsace and Germany, the consumption of which greatly reduces cases of scurvy among sailors. Sauerkraut
25%
An explorer born in present-day Morocco, his expeditions in the 14th century took him to China, Zanzibar and Indonesia. Ibn Battuta
23%
Chinese admiral who led many explorations, which took him to the Red Sea, off Kenya and Indonesia. Zheng He
20%
The secret city on the map. Tbilisi
9%
Cape off Morocco, the supposed southern maritime frontier of the world in the Middle Ages. Cape {Bojador}
7%
No matching quizzes found
Score Distribution
Percent of People with Each Score
Percentile by Number Answered
Your Score History
You have not taken this quiz